Louis Tomlinson - The Answer - All lyrics - Statistics

General Stats
  • This quiz has been taken 15 times
  • The average score is 91 of 173
Answer Stats
Answer % Correct
a
100%
the
100%
I
86%
it
86%
It
86%
am
71%
be
71%
Be
71%
Even
71%
every
71%
in
71%
life
71%
life?
71%
my
71%
they
71%
time
71%
Time
71%
to
71%
Will
71%
All
57%
all
57%
another
57%
Ask
57%
could
57%
different
57%
have
57%
hear
57%
I'm
57%
myself
57%
Nothing
57%
people
57%
though
57%
words
57%
Would
57%
And
43%
and
43%
answer
43%
around
43%
around?
43%
But
43%
changes
43%
chemicals
43%
hanging
43%
I've
43%
know
43%
Questions
43%
still
43%
that
43%
times
43%
When
43%
wouldn't
43%
yet
43%
asked
29%
day
29%
Doesn't
29%
doesn't
29%
enough
29%
fear
29%
head
29%
I'd
29%
is
29%
mind
29%
right
29%
thousand
29%
up
29%
where
29%
with
29%
(Woah-oh-oh)
29%
(Woah-oh-oh,
29%
woah-oh-oh)
29%
worst
29%
awake
14%
bad
14%
bed
14%
Bury
14%
cloud
14%
deep
14%
down
14%
end
14%
eyes
14%
good
14%
habits
14%
hands
14%
help
14%
inside
14%
light
14%
Lying
14%
matter
14%
mistake
14%
satisfy
14%
Shine
14%
slip
14%
through
14%
turning
14%
under
14%
unhealthy
14%
upside
14%
visions
14%
No matching quizzes found
Score Distribution
Percent of People with Each Score
Percentile by Number Answered
Your Score History
You have not taken this quiz